Nomi dei primi ministri italiani della Repubblica - Statistics

General Stats
  • This quiz has been taken 45 times
  • The average score is 22 of 31
Answer Stats
No. Name Prime minister % Correct
2nd Giuseppe I Giuseppe Pella
95%
29th Giuseppe II Giuseppe Conte
95%
21st Silvio Silvio Berlusconi
95%
25th Mario II Mario Monti
92%
30th Mario III Mario Draghi
92%
27th Matteo Matteo Renzi
92%
9th Aldo Aldo Moro
86%
31st Giorgia Giorgia Meloni
86%
8th Giovanni I Giovanni Leone
86%
15th Giovanni II Giovanni Spadolini
86%
17th Giovanni III Giovanni Goria
86%
28th Paolo Paolo Gentiloni
86%
12th Giulio Giulio Andreotti
84%
23rd Romano Romano Prodi
84%
1st Alcide Alcide De Gasperi
81%
26th Enrico Enrico Letta
78%
24th Massimo Massimo D'Alema
76%
3rd Amintore Amintore Fanfani
70%
19th Giuliano Giuliano Amato
68%
20th Carlo Carlo Azeglio Ciampi
65%
5th Antonio Antonio Segni
59%
22nd Lamberto Lamberto Dini
59%
13th Francesco Francesco Cossiga
54%
16th Benedetto Bettino Craxi
51%
10th Mariano Mariano Rumor
51%
18th Ciriaco Ciriaco De Mita
43%
7th Fernando Fernando Tambroni
41%
6th Adone Adone Zoli
38%
14th Arnaldo Arnaldo Forlani
38%
11th Emilio Emilio Colombo
32%
4th Mario I Mario Scelba
14%
No matching quizzes found
Score Distribution
Percent of People with Each Score
Percentile by Number Answered
Your Score History
You have not taken this quiz